<?xml version="1.0" encoding="UTF-8"?>
<record
    xmlns:xsi="http://www.w3.org/2001/XMLSchema-instance"
    xsi:schemaLocation="http://www.loc.gov/MARC21/slim http://www.loc.gov/standards/marcxml/schema/MARC21slim.xsd"
    xmlns="http://www.loc.gov/MARC21/slim">

  <leader>00198nam a22000977a 4500</leader>
  <datafield tag="999" ind1=" " ind2=" ">
    <subfield code="c">4708</subfield>
    <subfield code="d">4708</subfield>
  </datafield>
  <datafield tag="245" ind1=" " ind2=" ">
    <subfield code="a">Molecule Structure J3777</subfield>
  </datafield>
  <datafield tag="260" ind1=" " ind2=" ">
    <subfield code="a">Rajagiriya</subfield>
    <subfield code="b">ICHEMC</subfield>
  </datafield>
  <datafield tag="300" ind1=" " ind2=" ">
    <subfield code="a">BOX</subfield>
  </datafield>
  <datafield tag="650" ind1=" " ind2=" ">
    <subfield code="a">Moleculer Set</subfield>
  </datafield>
  <datafield tag="942" ind1=" " ind2=" ">
    <subfield code="c">MX</subfield>
  </datafield>
  <datafield tag="952" ind1=" " ind2=" ">
    <subfield code="0">0</subfield>
    <subfield code="1">0</subfield>
    <subfield code="7">0</subfield>
    <subfield code="8">NFIC</subfield>
    <subfield code="a">IC</subfield>
    <subfield code="b">IC</subfield>
    <subfield code="c">NEW</subfield>
    <subfield code="d">2018-12-22</subfield>
    <subfield code="l">2</subfield>
    <subfield code="p">006928</subfield>
    <subfield code="r">2019-05-26 00:00:00</subfield>
    <subfield code="s">2019-01-16</subfield>
    <subfield code="w">2018-12-22</subfield>
    <subfield code="y">MX</subfield>
  </datafield>
  <datafield tag="952" ind1=" " ind2=" ">
    <subfield code="0">0</subfield>
    <subfield code="1">0</subfield>
    <subfield code="7">0</subfield>
    <subfield code="8">NFIC</subfield>
    <subfield code="a">IC</subfield>
    <subfield code="b">IC</subfield>
    <subfield code="c">REF</subfield>
    <subfield code="d">2019-10-18</subfield>
    <subfield code="l">7</subfield>
    <subfield code="p">007453</subfield>
    <subfield code="r">2026-01-10 15:14:17</subfield>
    <subfield code="s">2026-01-10</subfield>
    <subfield code="w">2019-10-18</subfield>
    <subfield code="y">MX</subfield>
  </datafield>
  <datafield tag="952" ind1=" " ind2=" ">
    <subfield code="0">0</subfield>
    <subfield code="1">0</subfield>
    <subfield code="7">0</subfield>
    <subfield code="8">NFIC</subfield>
    <subfield code="a">IC</subfield>
    <subfield code="b">IC</subfield>
    <subfield code="c">REF</subfield>
    <subfield code="d">2019-10-18</subfield>
    <subfield code="l">12</subfield>
    <subfield code="m">1</subfield>
    <subfield code="p">007454</subfield>
    <subfield code="r">2025-09-22 14:00:29</subfield>
    <subfield code="s">2025-09-22</subfield>
    <subfield code="w">2019-10-18</subfield>
    <subfield code="y">MX</subfield>
  </datafield>
  <datafield tag="952" ind1=" " ind2=" ">
    <subfield code="0">0</subfield>
    <subfield code="1">0</subfield>
    <subfield code="7">0</subfield>
    <subfield code="8">NFIC</subfield>
    <subfield code="a">IC</subfield>
    <subfield code="b">MLCampus</subfield>
    <subfield code="c">REF</subfield>
    <subfield code="d">2019-10-18</subfield>
    <subfield code="l">5</subfield>
    <subfield code="p">007455</subfield>
    <subfield code="q">2026-06-03</subfield>
    <subfield code="r">2026-06-03 07:34:05</subfield>
    <subfield code="s">2026-06-03</subfield>
    <subfield code="w">2019-10-18</subfield>
    <subfield code="y">MX</subfield>
  </datafield>
  <datafield tag="952" ind1=" " ind2=" ">
    <subfield code="0">0</subfield>
    <subfield code="1">0</subfield>
    <subfield code="7">0</subfield>
    <subfield code="8">NFIC</subfield>
    <subfield code="a">IC</subfield>
    <subfield code="b">IC</subfield>
    <subfield code="c">REF</subfield>
    <subfield code="d">2019-10-18</subfield>
    <subfield code="l">3</subfield>
    <subfield code="p">006929</subfield>
    <subfield code="r">2026-01-06 15:32:24</subfield>
    <subfield code="s">2025-07-21</subfield>
    <subfield code="w">2019-10-18</subfield>
    <subfield code="y">MX</subfield>
  </datafield>
  <datafield tag="952" ind1=" " ind2=" ">
    <subfield code="0">0</subfield>
    <subfield code="1">0</subfield>
    <subfield code="7">0</subfield>
    <subfield code="a">IC</subfield>
    <subfield code="b">IC</subfield>
    <subfield code="d">2024-05-13</subfield>
    <subfield code="l">0</subfield>
    <subfield code="o">541.22 Mol</subfield>
    <subfield code="p">003409</subfield>
    <subfield code="r">2024-05-13 10:46:51</subfield>
    <subfield code="w">2024-05-13</subfield>
    <subfield code="y">DIS</subfield>
  </datafield>
  <datafield tag="952" ind1=" " ind2=" ">
    <subfield code="0">0</subfield>
    <subfield code="1">0</subfield>
    <subfield code="7">0</subfield>
    <subfield code="a">IC</subfield>
    <subfield code="b">IC</subfield>
    <subfield code="d">2024-05-13</subfield>
    <subfield code="l">0</subfield>
    <subfield code="o">541.22 Mol</subfield>
    <subfield code="p">003410</subfield>
    <subfield code="r">2024-05-13 10:47:45</subfield>
    <subfield code="w">2024-05-13</subfield>
    <subfield code="y">DIS</subfield>
  </datafield>
  <datafield tag="952" ind1=" " ind2=" ">
    <subfield code="0">0</subfield>
    <subfield code="1">0</subfield>
    <subfield code="7">0</subfield>
    <subfield code="8">NFIC</subfield>
    <subfield code="a">IC</subfield>
    <subfield code="b">IC</subfield>
    <subfield code="c">REF</subfield>
    <subfield code="d">2025-11-01</subfield>
    <subfield code="e">Donation - Mr I Weeraman (164670)</subfield>
    <subfield code="g">4500.00</subfield>
    <subfield code="l">0</subfield>
    <subfield code="o">541.22 MOL</subfield>
    <subfield code="p">007670</subfield>
    <subfield code="r">2025-11-11 13:43:37</subfield>
    <subfield code="w">2025-11-11</subfield>
    <subfield code="y">MX</subfield>
  </datafield>
</record>
